=LDR 00000nam 2200000 4500 =001 INLIS000000000002440 =005 20130612090757 =008 ***********************************Ind** =035 ##$$0010-061300000002440 =041 ##$$a Ind =082 ##$$a 616.9 =090 ##$$a 616.9, Eff p =100 ##$$a Effendi, Ilyas =245 ##$$a Pencegahan penyakit menular, oleh Ilyas Effendi =260 ##$$a 1984 $b Jakarta =300 ##$$a viii, 68 hlm, ilus, 21 cm =650 ##$$a Penyakit Berjangkit =850 ##$$a NBPNMAT